01138nam a2200157 a 4500008004100000050002200041110005900063245022300122260007300345300001500418995013400433995013400567999001700701952013100718952013100849161108s2015 ||||||||||||||||| || u aCOMESA(02)2015/5A aCommon Market for Eastern and Southern Africa (COMESA)10aReport on the status of financing of COMESA programmes from member states, COMESA institutions and cooperating partners: theme- inclusive and sustainable industrialisationcCommon Market for Eastern and Southern Africa aLusakabCommon Market for Eastern and Southern Africa (COMESA)c2015 a17p.: ill. aSPECIAL COLLECTIONSe2791FCBU-MAIN LIBRARY (Kitwe)jCOMESA(02)2015/5AUAVAILABLEWNov 8, 2016yB2791ZInternational Publications aSPECIAL COLLECTIONSe2792FCBU-MAIN LIBRARY (Kitwe)jCOMESA(02)2015/5BUAVAILABLEWNov 8, 2016yB2792ZInternational Publications c80097d80097 00102lcc4070a001b001cInternational Publicationsd2023-06-29l0oCOMESA(02)2015/5ApB2791r2023-06-29t1w2023-06-29y023 00102lcc4070a001b001cInternational Publicationsd2023-06-29l0oCOMESA(02)2015/5BpB2792r2023-06-29t2w2023-06-29y023